| 000 | 02241nam a2200313 4500 | ||
|---|---|---|---|
| 001 | 0000022802 | ||
| 003 | CO-CtgCURN | ||
| 005 | 20250329191021.0 | ||
| 007 | ta | ||
| 008 | 160627s2007 000 0 eng d | ||
| 020 | _a9789586536226 | ||
| 040 |
_aCO-CtgCURN _bspa _ccoctgcurn |
||
| 082 | 0 |
_a343.056 _bC65e |
|
| 110 | 2 | _aColombia. Dirección de Impuestos y Aduanas Nacionales. | |
| 245 | 1 | 0 |
_aEstatuto aduanero colombiano / _cDirección de Impuestos y Aduanas Nacionales. |
| 250 | _a3a. ed. | ||
| 260 |
_aBogotá : _bDIAN, _c2007. |
||
| 300 | _alvii, 672 p. | ||
| 336 | _2rdacontent | ||
| 337 |
_2rdamedia _asin mediacion _bn |
||
| 338 |
_2rdacarrier _avolumen _bnc |
||
| 500 | _aIncluye indices. | ||
| 505 | 8 | _aGeneralidades.--Declarantes.--Usuarios aduaneros permanentes.--Usuarios altamente exportadores.--Zonas primarias aduaneras.--Inscripcion autorizacion o habilitacion de auxiliares de la fundacion aduanera usuarios aduaneros permanentes y usuarios altamente exportadores. Regimen de importacion.--Otras modalidades de importacion.--Regimen de exportacion.--Exportacion definitiva.--Regimen de transito aduanero transporte multimodal cabotaje y transbordo.--zonas francas.--Zonas francas permanentes.--Regimen de comercio exterior.--Zonas francas transitorias.--Puerto libre San Andres Providenciua y Santa catalina.--Zonas de regimen aduanero especial de la region Uraba y Tumaco y Guapi.--Zona de regimen aduanero especial de Maicao Urbia y Manaure.--Infracciones administrativas aduaneras de los declarantes en los regimenes aduaneros.--Infracciones aduaneras de los declarantes autorizados reconocidos o inscritos.--Infracciones aduaneras de los depositos.--Procedimiento administrativo para la imposicion de sanciones por infracciones aduaneras la definicion de la situacion juridica de la mercancia y la expedicion de liquidaciones oficiales.--Normas sobre la disposicion de mercancias aprehendidas decomisadas o abandonadas.--Disposicion de mercancias | |
| 650 | 1 | 4 |
_aLegislacion aduanera _zColombia. |
| 908 | _a160627 | ||
| 942 |
_cBK _h343.056 _iC65e _2ddc |
||
| 999 |
_c11259 _d11259 |
||